| 000 | 00366nam a2200145Ia 4500 | ||
|---|---|---|---|
| 008 | 150201s2004 xx 000 0 und d | ||
| 082 |
_a617.453 _bO2004G |
||
| 100 | _aGOYAL SANDEEP | ||
| 245 | _aVIVA VOCE IN ORTHODONTICS | ||
| 250 | _a1ST | ||
| 260 |
_bC.B.S PUBLISHERS & DISTRIBUTERS _aDELHI _c2004 |
||
| 300 | _a1-230 | ||
| 650 | _aORTHODONTICS | ||
| 942 |
_2ddc _cBK |
||
| 999 |
_c2937 _d2937 |
||